Movies Quiz

Random Movies or Famous Quiz

Most popular name - most 'famous' on IMDb - men Quiz Stats

 Plays Quiz not verified by Sporcle

Challenge
Share
Tweet
Embed
Score 0/50 Timer 08:00
0 Plays Today
First name Last name % Correct
SamuelL. Jackson
74.1%
RonaldReagan
63%
GregoryPeck
61.1%
NicholasCage
59.3%
GeorgeClooney
57.4%
JustinTimberlake
49.1%
RyanGosling
48.1%
AnthonyHopkins
45.4%
EdwardNorton
41.7%
StevenSpielberg
40.7%
DonaldSutherland
38%
JackNicholson
35.2%
MarkWahlberg
34.3%
KennethBranagh
34.3%
GaryOldman
31.5%
KevinSpacey
30.6%
EricBana
30.6%
DanielCraig
28.7%
JohnTravolta
23.1%
RobertDowney Jr
23.1%
ChristopherNolan
23.1%
JosephGordon-Levitt
21.3%
JasonStatham
21.3%
DennisQuaid
21.3%
WalterMatthau
19.4%
First name Last name % Correct
PaulWalker
16.7%
TimothyOlyphant
16.7%
BenjaminWalker
16.7%
BrandonRouth
14.8%
WilliamShatner
13.9%
RichardDreyfuss
13.9%
CharlesChaplin
13%
StephenLang
11.1%
PatrickWilson
10.2%
JamesMcAvoy
9.3%
BrianCox
7.4%
FrankDarabont
6.5%
JeffreyDean Morgan
4.6%
JerryO'Connell
4.6%
MichaelBay
3.7%
AndrewLincoln
1.9%
JoshuaBowman
1.9%
JacobPitts
1.9%
ScottAdkins
1.9%
RaymondCruz
1.9%
DavidGiuntoli
0.9%
ThomasDekker
0.9%
MatthewMacFadyen
0.9%
LarryBagby
0.9%
JonathanLipnicki
0.9%

You're not logged in!

Compare scores with friends on all Sporcle quizzes.
Join for Free
OR
Log In

You Might Also Like...

Show Comments

Extras

Top Quizzes Today


Score Distribution

Your Account Isn't Verified!

In order to create a playlist on Sporcle, you need to verify the email address you used during registration. Go to your Sporcle Settings to finish the process.

Report this User

Report this user for behavior that violates our Community Guidelines.

Details: